al-Ṣīn wa-al-Islām /

محفوظ في:

المؤلف الرئيسي: Tawāḍuʻ, Muḥammad (مؤلف)

التنسيق: كتاب

اللغة: Arabic

منشور في: [Cairo?] : Dār al-Ṭibāʻah wa-al-Nashr al-Islāmīyah lil-Ikhwān al-Muslimīn, [1945?].

سلاسل: Rasāʾil Qism al-ʻĀlam al-Islāmī bi-Jamʻīyat al-Ikhwān al-Muslimīn.

الموضوعات:

الوسوم: إضافة وسم

لا توجد وسوم, كن أول من يضع وسما على هذه التسجيلة!

رقم الطلب: DS731 .M87 T38 1945

LEADER 01124nam a2200265Ia 4500
003 OSt
005 20230502061203.0
008 130303s1945 ua a b 001 0 ara d
952 |0 0  |1 0  |2 lcc  |4 0  |6 DS0731 M87 T38 01945  |7 1  |9 47166  |a ARCE  |b ARCE  |d 2023-05-02  |l 0  |o DS731 .M87 T38 1945  |p 1023301  |r 2023-05-02 00:00:00  |w 2023-05-02  |y BK 
999 |c 29092  |d 29092 
040 |c ARCE Library 
043 |a a-cc--- 
050 4 |a DS731 .M87 T38 1945 
100 1 |6 880-01  |a Tawāḍuʻ, Muḥammad,  |e author  |9 40903 
245 1 3 |6 880-02  |a al-Ṣīn wa-al-Islām /   |c Muḥammad Tawāḍuʻ. 
264 1 |a [Cairo?] :   |b Dār al-Ṭibāʻah wa-al-Nashr al-Islāmīyah lil-Ikhwān al-Muslimīn,   |c [1945?]. 
300 |a 6, 210 pages :   |b illustrations ;   |c 21 cm. 
490 0 |a Rasāʾil Qism al-ʻĀlam al-Islāmī bi-Jamʻīyat al-Ikhwān al-Muslimīn. 
504 |a Includes bibliographical references: (p. [205]-206) and indexes. 
650 0 |a Islam  |z China. 
650 0 |a Muslims  |z China. 
880 1 |6 100-01/(3/r  |a تواضع، محمد 
880 1 2 |6 245-02/(3/r  |a الصين و الاسلام   |c محمد تواضع 
901 |a reviewed 
942 |c BK  |2 lcc